• 首页
  • 本馆介绍
  • 公告通知
  • 最新文献
  • 馆藏检索
  • 电子资源
  • 读者导购
  • 参考咨询
  • 我的图书馆
  • 登录
  • 详细信息显示
  • 放入我的书架
  • 预约/预借图书
  • 作者相关作品
  • 分类相关作品
  • 丛书相关作品
  • 出版社相关作品

书目信息

  • 表格格式
  • 工作单格式
  • 卡片格式
题名:
微积分
    
 
作者: ;中国人民大学数学教研室 编
分册:  
出版信息: 北京   中央广播电视大学出版社  1983
页数: 265页
开本: 20cm
丛书名: 经济应用数学基础
单 册:
中图分类: O172-44
科图分类:
主题词: 微积分--高等教育--教材 , 经济数学--高等教育--教材
电子资源:
ISBN:
000 00924nam0 2200301 45
001 0188009676
005 20070923104443.59
010    @dCNY0.76
020    @aCN@b88009676
100    @a19910415d1983 em y0chiy0120 ea
101 0  @achi
102    @aCN@b110000
105    @ay j 000yy
106    @az
200 10 @a微积分@AWei Ji Fen@e题解@ETi Jie@f中国人民大学数学教研室编@FZhong Guo Ren Min Da Xue Shu Xue Jiao Yan Shi Bian
210    @a北京@c中央广播电视大学出版社@d1983
215    @a265页@d20cm
225    @a经济应用数学基础@v一
300    @a高等学校文科教材
410    @12001 @a经济应用数学基础
517    @a题解@ATi Jie
540 1  @a经济应用数学基础@i微积分@Ajing ji ying yong shu xue ji chu@Iwei ji fen
606    @a微积分@x高等教育@x教材
606    @a经济数学@x高等教育@x教材
690    @aO172-44@v3
711 02 @a中国人民大学数学教研室@4编
801  0 @aCN@bNLC@c20070923
905    @dO172-44@e14
    
    微积分:题解/中国人民大学数学教研室编.-北京:中央广播电视大学出版社,1983
    265页;20cm.-(经济应用数学基础;一)
    高等学校文科教材
    
    ISBN :CNY0.76
    
●
相关链接 在E读中查询图书 在五车中查询图书 在当当中查询图书 在豆瓣中查询图书


正题名:微积分     索取号:O172-44/14         预约/预借

序号 登录号 条形码 馆藏地/架位号 状态 备注
1 0624575   206245758   密集书库/ [索取号:O172-44/14] 在馆    
唐山师范学院图书馆 欢迎您!
大连网信软件有限公司© 版权所有